Statistics for Movies Based on Philip K. Dick Stories

Click here to take the quiz!

General Stats

  • This quiz has been taken 82 times
  • The average score is 4 of 7

Answer Stats

YearStarringFilm% Correct
1982Harrison FordBlade Runner
97%
2002Tom CruiseMinority Report
87%
1990Arnold SchwarzeneggerTotal Recall
79%
2017Ryan GoslingBlade Runner 2049
54%
2006Keanu ReevesA Scanner Darkly
37%
2011Matt DamonThe Adjustment Bureau
29%
2007Nicolas CageNext
23%

Score Distribution

Percentile by Number Answered

Percent of People with Each Score

Your Score History

You have not taken this quiz